000 00593nam a2200205 i 4500
001 98142
003 ES-MaACL
005 20240421063022.0
007 t|
008 050726s1975 sp ||||1| spa d
100 1 _aMarrodán, Mario Ángel,
_d1932-2005
_977080
245 1 0 _aFotopoemas /
_cMario Angel Marrodán.
260 _aZaragoza :
_b[s.n.],
_c1975 (
_fImp. Heraldo de Aragón)
300 _a63 p. ;
_c22 cm.
490 1 _aPoemas ;
_v22
830 0 _aColección "Poemas" ;
_v22
_9231803
852 _aES-MaACL
_jE-8587
_bR.93107
942 _2udc
999 _c98142
_d98142